[Event "Toronto Hart House Holidays op"]
[Site "Toronto"]
[Date "2014.12.20"]
[Round "2"]
[White "Chen, Richard"]
[Black "Peng, David Yu"]
[Result "0-1"]
[WhiteElo "2206"]
[BlackElo "2328"]
[PlyCount "56"]
[EventDate "2014.12.19"]
[EventType "swiss"]
[EventRounds "5"]
[EventCountry "CAN"]
[SourceTitle "EXT 2022"]
[Source "ChessBase"]
[SourceDate "2021.10.06"]
[SourceVersion "1"]
[SourceVersionDate "2021.10.06"]
[SourceQuality "1"]

1. e4 c5 2. Nf3 e6 3. d3 Nc6 4. g3 Nge7 5. Bg2 d5 6. Nbd2 g6 7. 0-0 Bg7 8. Re1 0-0 9. c3 b5 10. e5 Bb7 11. Qe2 b4 12. Nb3 c4 13. Nc5 cxd3 14. Qxd3 Rb8 15. Bf4 Bc8 16. h4 Qb6 17. Nb3 a5 18. Qd2 bxc3 19. bxc3 a4 20. Nbd4 Nxd4 21. Nxd4 Ba6 22. Qc2 Qa5 23. Bg5 Qc7 24. Bxe7 Qxe7 25. Nc6 Qa3 26. Nxb8 Rxb8 27. Rab1 Rc8 28. Rb4 Qxb4 0-1

[Event "World op 37th"]
[Site "Philadelphia"]
[Date "2009.06.29"]
[Round "1"]
[White "Peng, David Yu"]
[Black "Benjamin, Joel"]
[Result "0-1"]
[WhiteElo "2245"]
[BlackElo "2583"]
[PlyCount "56"]
[EventDate "2009.06.29"]
[EventType "swiss"]
[EventRounds "9"]
[EventCountry "USA"]
[SourceTitle "CBM 131 Extra"]
[Source "ChessBase"]
[SourceDate "2009.09.03"]
[SourceVersion "2"]
[SourceVersionDate "2009.09.16"]
[SourceQuality "1"]

1. d4 Nf6 2. c4 e6 3. Nf3 b6 4. g3 Ba6 5. b3 Bb4+ 6. Bd2 Be7 7. Bg2 0-0 8. 0-0 d5 9. cxd5 exd5 10. Nc3 Bb7 11. Ne5 Na6 12. Rc1 Ba3 13. Rb1 Qe8 14. e3 Bd6 15. f4 c5 16. g4 Rd8 17. Qe2 Nc7 18. g5 Bxe5 19. dxe5 Ne4 20. Bxe4 dxe4 21. Rfd1 Rd3 22. Be1 Qd7 23. Rxd3 exd3 24. Qd2 Nb5 25. Nxb5 Qd5 26. e4 Qxe4 27. Qb2 d2 28. Qxd2 Qh1+ 0-1

[Event "Calgary CICC op"]
[Site "Calgary"]
[Date "2009.05.15"]
[Round "2"]
[White "Moloney, Nicholas"]
[Black "Peng, David Yu"]
[Result "1-0"]
[WhiteElo "2210"]
[BlackElo "2245"]
[PlyCount "115"]
[EventDate "2009.05.14"]
[EventType "swiss"]
[EventRounds "9"]
[EventCountry "CAN"]
[SourceTitle "CBM 130 Extra"]
[Source "ChessBase"]
[SourceDate "2009.07.02"]
[SourceVersion "2"]
[SourceVersionDate "2009.07.15"]
[SourceQuality "1"]

1. d4 d5 2. c4 e6 3. Nc3 c6 4. cxd5 exd5 5. Bf4 Ne7 6. e3 Ng6 7. Bg3 Bd6 8. Bd3 0-0 9. Qc2 Na6 10. a3 Be6 11. Bxd6 Qxd6 12. f4 f5 13. Bxa6 bxa6 14. Na4 Rfc8 15. Nf3 Rc7 16. Nc5 Bc8 17. 0-0-0 Rb8 18. Rd3 Rb5 19. Kb1 Nf8 20. Rc3 Nd7 21. Nxd7 Bxd7 22. Ne5 Be8 23. Nd3 Qe7 24. Nc5 Rb6 25. Ka2 g6 26. h4 Qf6 27. g3 Re7 28. Rc1 Qd6 29. Qd3 Qb8 30. R1c2 a5 31. Qd2 Rb5 32. Rb3 Qb6 33. Rcc3 a6 34. Rd3 Kg7 35. Na4 Qb8 36. Nc5 Qb6 37. Qc3 Kh6 38. Qc2 Kg7 39. Qc3 Kh6 40. Na4 Rxb3 41. Qxb3 Qxb3+ 42. Kxb3 Kh5 43. Nc5 Kg4 44. Ka4 Kxg3 45. Kxa5 Kxh4 46. Kxa6 h5 47. Kb6 Kg3 48. a4 h4 49. a5 h3 50. a6 h2 51. Rd1 Kg2 52. Nb7 Bd7 53. a7 Re8 54. Nc5 h1Q 55. Rxh1 Kxh1 56. Nxd7 Ra8 57. Kb7 Rxa7+ 58. Kxa7 1-0

[Event "Calgary CICC op"]
[Site "Calgary"]
[Date "2009.05.15"]
[Round "3"]
[White "Peng, David Yu"]
[Black "Ristovic, Nenad"]
[Result "1-0"]
[WhiteElo "2245"]
[BlackElo "2252"]
[PlyCount "51"]
[EventDate "2009.05.14"]
[EventType "swiss"]
[EventRounds "9"]
[EventCountry "CAN"]
[SourceTitle "CBM 130 Extra"]
[Source "ChessBase"]
[SourceDate "2009.07.02"]
[SourceVersion "2"]
[SourceVersionDate "2009.07.15"]
[SourceQuality "1"]

1. d4 d5 2. c4 c6 3. Nf3 e6 4. Qc2 Nf6 5. Bg5 Nbd7 6. Nbd2 Qa5 7. Bxf6 Nxf6 8. e3 Bd6 9. Bd3 dxc4 10. Bxc4 0-0 11. 0-0 Qh5 12. Rfe1 e5 13. e4 Re8 14. dxe5 Bxe5 15. Nxe5 Qxe5 16. Nf3 Qa5 17. e5 Nd5 18. Ng5 g6 19. Ne4 Kg7 20. Bxd5 cxd5 21. Nd6 Rd8 22. f4 Qb6+ 23. Kh1 Kg8 24. Rad1 Rxd6 25. exd6 Qxd6 26. Re8+ 1-0

[Event "Toronto PWC op"]
[Site "Toronto"]
[Date "2009.04.19"]
[Round "4"]
[White "Yuan, Yuanling"]
[Black "Peng, David Yu"]
[Result "0-1"]
[WhiteElo "2203"]
[BlackElo "2245"]
[PlyCount "72"]
[EventDate "2009.04.17"]
[EventType "swiss"]
[EventRounds "5"]
[EventCountry "CAN"]
[SourceTitle "CBM 129 Extra"]
[Source "ChessBase"]
[SourceDate "2009.05.05"]
[SourceVersion "2"]
[SourceVersionDate "2009.05.20"]
[SourceQuality "1"]

1. e4 c5 2. Nf3 e6 3. d4 cxd4 4. Nxd4 Nc6 5. Nc3 a6 6. Be3 Qc7 7. Be2 Nf6 8. 0-0 Bb4 9. Nxc6 bxc6 10. a3 Be7 11. f4 d5 12. Bf3 Rb8 13. Rb1 0-0 14. Qe2 Bb7 15. e5 Nd7 16. Nd1 a5 17. Nf2 Nb6 18. Nd3 c5 19. c3 Ba6 20. Rfd1 Nc4 21. Bf2 Rb7 22. Qc2 Rfb8 23. Re1 g6 24. g4 Rb3 25. Rec1 Qb6 26. Bd1 Nxa3 27. Qxb3 Qxb3 28. Bxb3 Nxb1 29. Nxc5 Bxc5 30. Bxc5 Nd2 31. Bd1 Rxb2 32. Rc2 Nc4 33. Kf2 a4 34. Ke1 Rb1 35. Be7 Bb5 36. Rf2 a3 0-1

[Event "Toronto-A2"]
[Site "Toronto"]
[Date "2009.03.03"]
[Round "6"]
[White "Peng, David Yu"]
[Black "Shebeta, Wajdi"]
[Result "1-0"]
[WhiteElo "2372"]
[BlackElo "2251"]
[PlyCount "71"]
[EventDate "2009.01.27"]
[EventType "tourn"]
[EventRounds "9"]
[EventCountry "CAN"]
[SourceTitle "EXT 2011"]
[Source "ChessBase"]
[SourceDate "2010.11.26"]
[SourceVersion "1"]
[SourceVersionDate "2010.11.26"]
[SourceQuality "1"]

1. e4 g6 2. Nf3 Bg7 3. d4 d6 4. Bc4 Nf6 5. Qe2 0-0 6. Nc3 c6 7. e5 Nd5 8. Bd2 Bg4 9. 0-0-0 Nxc3 10. Bxc3 d5 11. Bd3 a5 12. a4 Na6 13. h3 Bxf3 14. Qxf3 Nb4 15. Kb1 Nxd3 16. Qxd3 Qd7 17. h4 b5 18. h5 Rfb8 19. hxg6 hxg6 20. axb5 Rxb5 21. Rde1 e6 22. f4 a4 23. Ka2 a3 24. b4 Qa7 25. g4 Qa4 26. Rb1 Kf8 27. f5 exf5 28. gxf5 gxf5 29. Qxf5 Ke7 30. Rh7 Rg8 31. Rf1 Kd8 32. Rb1 c5 33. dxc5 d4 34. Bd2 Bxe5 35. Rxf7 Rb8 36. Rb3 1-0

[Event "Toronto-A2"]
[Site "Toronto"]
[Date "2009.02.17"]
[Round "4"]
[White "Peng, David Yu"]
[Black "Calugar, Arthur"]
[Result "1-0"]
[WhiteElo "2372"]
[BlackElo "2226"]
[PlyCount "87"]
[EventDate "2009.01.27"]
[EventType "tourn"]
[EventRounds "9"]
[EventCountry "CAN"]
[SourceTitle "EXT 2011"]
[Source "ChessBase"]
[SourceDate "2010.11.26"]
[SourceVersion "1"]
[SourceVersionDate "2010.11.26"]
[SourceQuality "1"]

1. e4 c5 2. Nf3 Nc6 3. d4 cxd4 4. Nxd4 Nf6 5. Nc3 d6 6. f3 e5 7. Nb3 Be7 8. Be3 0-0 9. Qd2 a5 10. Bb5 Be6 11. 0-0-0 Nb4 12. a3 Na6 13. Qe2 Nc7 14. Nc5 Nxb5 15. Nxb5 Bc8 16. Kb1 Rb8 17. Na4 b6 18. Qf2 Bd7 19. c4 Bxb5 20. cxb5 Nd7 21. g4 Nc5 22. Nc3 Qc8 23. Nd5 Qd7 24. h4 Rfe8 25. Qe2 Bf8 26. h5 Rec8 27. h6 Qe6 28. hxg7 Bxg7 29. Qh2 h6 30. Bxh6 Bxh6 31. Qxh6 Qxh6 32. Rxh6 Kg7 33. Rdh1 Rh8 34. Rxh8 Rxh8 35. Rxh8 Kxh8 36. Nxb6 Kg7 37. Nc4 Nb7 38. b4 a4 39. Kc2 Kf6 40. Kd3 Ke6 41. Nb6 f6 42. Nxa4 Nd8 43. Nc3 Kd7 44. Nd5 1-0

[Event "Toronto-A2"]
[Site "Toronto"]
[Date "2009.01.27"]
[Round "1"]
[White "Henry, Liam"]
[Black "Peng, David Yu"]
[Result "0-1"]
[WhiteElo "2242"]
[BlackElo "2372"]
[PlyCount "80"]
[EventDate "2009.01.27"]
[EventType "tourn"]
[EventRounds "9"]
[EventCountry "CAN"]
[SourceTitle "EXT 2011"]
[Source "ChessBase"]
[SourceDate "2010.11.26"]
[SourceVersion "1"]
[SourceVersionDate "2010.11.26"]
[SourceQuality "1"]

1. e4 e6 2. d4 d5 3. Nc3 Bb4 4. e5 c5 5. a3 Bxc3+ 6. bxc3 Ne7 7. a4 Nbc6 8. Nf3 Bd7 9. Bd3 Qa5 10. Bd2 c4 11. Be2 f6 12. 0-0 Ng6 13. Re1 0-0-0 14. Bf1 Rhg8 15. g3 Rde8 16. Re2 Nh8 17. Qe1 f5 18. Bc1 Nf7 19. Ba3 g5 20. Bb4 Qd8 21. Qb1 Rg6 22. Qb2 Nxb4 23. Qxb4 Bc6 24. Ree1 g4 25. Nd2 Qg5 26. Red1 f4 27. Rab1 fxg3 28. hxg3 a6 29. Bg2 Qe7 30. Qb6 Qc7 31. Qa7 Nd8 32. Rb4 h5 33. Rdb1 h4 34. Rb6 h3 35. Bh1 h2+ 36. Kf1 Rf8 37. Qa8+ Kd7 38. Nxc4 dxc4 39. Rxc6 bxc6 40. Rb8 Rg7 0-1

[Event "Toronto Hart House Holidays op"]
[Site "Toronto"]
[Date "2008.12.20"]
[Round "3"]
[White "Peng, David Yu"]
[Black "Shebeta, Wajdi"]
[Result "1-0"]
[WhiteElo "2378"]
[BlackElo "2247"]
[PlyCount "49"]
[EventDate "2008.12.19"]
[EventType "swiss"]
[EventRounds "5"]
[EventCountry "CAN"]
[SourceTitle "EXT 2011"]
[Source "ChessBase"]
[SourceDate "2010.11.26"]
[SourceVersion "1"]
[SourceVersionDate "2010.11.26"]
[SourceQuality "1"]

1. e4 g6 2. d4 Bg7 3. Nc3 c6 4. Bc4 d6 5. Qf3 e6 6. Be3 Nd7 7. a4 Ngf6 8. Nge2 0-0 9. 0-0 e5 10. Bb3 Qe7 11. d5 cxd5 12. Bxd5 Nxd5 13. Nxd5 Qd8 14. Nec3 a6 15. g4 Nc5 16. g5 Ne6 17. Nf6+ Bxf6 18. gxf6 Bd7 19. Rfd1 Bc6 20. Rd3 Qc7 21. a5 Nc5 22. Bxc5 dxc5 23. Qe3 Kh8 24. Qh6 Rg8 25. Rh3 1-0

[Event "Toronto Spring-A 04"]
[Site "Toronto"]
[Date "2008.04.04"]
[Round "1"]
[White "Peng, David Yu"]
[Black "Sambuev, Bator"]
[Result "0-1"]
[WhiteElo "2230"]
[BlackElo "2494"]
[PlyCount "94"]
[EventDate "2008.04.04"]
[EventType "tourn"]
[EventRounds "5"]
[EventCountry "CAN"]
[EventCategory "3"]
[SourceTitle "EXT 2011"]
[Source "ChessBase"]
[SourceDate "2010.11.26"]
[SourceVersion "1"]
[SourceVersionDate "2010.11.26"]
[SourceQuality "1"]

1. d4 f5 2. g3 Nf6 3. Bg2 g6 4. Nf3 Bg7 5. 0-0 0-0 6. b3 d6 7. Bb2 Qe8 8. c4 c6 9. Nc3 h6 10. Re1 Na6 11. Qc2 Qf7 12. Rad1 g5 13. d5 c5 14. a3 Qh5 15. e4 Ng4 16. h3 f4 17. Ne2 Ne5 18. Nxe5 Bxe5 19. Bxe5 Bxh3 20. Nxf4 gxf4 21. Bxf4 Rxf4 22. gxf4 Qg6 23. f3 Kf7 24. Re2 Rg8 25. e5 Bf5 26. Qd2 Ke8 27. Rde1 Kd8 28. exd6 exd6 29. Re6 Bxe6 30. Rxe6 Qb1+ 31. Qe1 Qxe1+ 32. Rxe1 Nc7 33. Kf2 Rf8 34. Rh1 Rf6 35. Rh4 Ke7 36. Bh3 b5 37. f5 bxc4 38. bxc4 Na8 39. Re4+ Kf7 40. Bg4 Nb6 41. Ke3 Kf8 42. Kd3 Nd7 43. f4 Rf7 44. Bh5 Nf6 45. Bxf7 Nxe4 46. Bh5 Ng3 47. Bg4 Ke7 0-1

[Event "Canada zt"]
[Site "Toronto"]
[Date "2006.08.25"]
[Round "8"]
[White "Peng, David Yu"]
[Black "Ristovic, Nenad"]
[Result "1-0"]
[WhiteElo "2170"]
[BlackElo "2293"]
[PlyCount "113"]
[EventDate "2006.08.18"]
[EventType "swiss"]
[EventRounds "9"]
[EventCountry "CAN"]
[SourceTitle "CBM 113 Extra"]
[Source "ChessBase"]
[SourceDate "2006.09.14"]
[SourceVersion "1"]
[SourceVersionDate "2006.09.14"]
[SourceQuality "1"]

1. d4 d5 2. c4 e6 3. Nc3 c6 4. e4 dxe4 5. Nxe4 Bb4+ 6. Bd2 Qxd4 7. Bxb4 Qxe4+ 8. Be2 Na6 9. Bd6 b6 10. Nf3 Bb7 11. 0-0 c5 12. Bd3 Qc6 13. Be5 f6 14. Bg3 0-0-0 15. Qe2 Ne7 16. a3 e5 17. Rfe1 Nc7 18. b4 Qd6 19. Be4 Bxe4 20. Qxe4 Nc6 21. b5 Na5 22. h4 h5 23. Re3 Qe6 24. Rc1 Qg4 25. Qc2 Rd6 26. Bxe5 fxe5 27. Nxe5 Qf4 28. Ng6 Rxg6 29. Qxg6 Nxc4 30. g3 Qd6 31. Qf5+ Qd7 32. Qxd7+ Kxd7 33. Rxc4 Nxb5 34. Rf4 Nd6 35. Kf1 b5 36. Re5 Kc6 37. Rg5 a5 38. Rxg7 b4 39. axb4 axb4 40. Ke2 Kb5 41. Kd2 Rd8 42. Kc2 c4 43. Rg5+ Ka4 44. Rd5 b3+ 45. Kc3 Nb5+ 46. Kxc4 Rxd5 47. Kxd5+ Ka3 48. Rf3 Ka2 49. Rxb3 Kxb3 50. Ke5 Kc3 51. Kf5 Nd6+ 52. Kg5 Ne4+ 53. Kxh5 Nxf2 54. Kg6 Kd4 55. h5 Ng4 56. h6 Ne5+ 57. Kg7 1-0

[Event "Canada zt"]
[Site "Toronto"]
[Date "2006.08.23"]
[Round "6"]
[White "Peng, David Yu"]
[Black "Livshits, Ron"]
[Result "1-0"]
[WhiteElo "2170"]
[BlackElo "2355"]
[PlyCount "97"]
[EventDate "2006.08.18"]
[EventType "swiss"]
[EventRounds "9"]
[EventCountry "CAN"]
[SourceTitle "CBM 113 Extra"]
[Source "ChessBase"]
[SourceDate "2006.09.14"]
[SourceVersion "1"]
[SourceVersionDate "2006.09.14"]
[SourceQuality "1"]

1. d4 Nf6 2. Bg5 e6 3. e4 Be7 4. Bd3 c5 5. dxc5 Na6 6. Bxa6 bxa6 7. Nc3 Bb7 8. Qd3 Qc7 9. 0-0-0 Bxc5 10. Nh3 h6 11. Bf4 e5 12. Bg3 d6 13. f4 0-0-0 14. Bh4 Rdg8 15. Rhf1 Bd4 16. fxe5 dxe5 17. Bxf6 gxf6 18. Rxf6 Rxg2 19. Qf3 Rhg8 20. Rxf7 Qc5 21. Rf1 Kb8 22. Ne2 Bxb2+ 23. Kxb2 Qb5+ 24. Ka1 Qxe2 25. Qxe2 Rxe2 26. Rb1 Rxc2 27. Rfxb7+ Ka8 28. R7b2 Rxb2 29. Rxb2 Rg4 30. Re2 Kb7 31. Kb2 a5 32. Kc2 Kc6 33. Kd3 Kc5 34. Ke3 Kb4 35. Nf2 Rg5 36. Kf3 Kc3 37. h4 Rg6 38. Ng4 Re6 39. h5 a4 40. Ke3 a3 41. Nf2 Rd6 42. Ng4 Rd3+ 43. Kf2 Rh3 44. Re3+ Rxe3 45. Kxe3 Kb2 46. Nxe5 Kxa2 47. Nc4 Kb3 48. Nxa3 Kxa3 49. e5 1-0

[Event "Canada zt"]
[Site "Toronto"]
[Date "2006.08.22"]
[Round "5"]
[White "Peng, David Yu"]
[Black "Divljan, Igor"]
[Result "0-1"]
[WhiteElo "2170"]
[BlackElo "2319"]
[PlyCount "66"]
[EventDate "2006.08.18"]
[EventType "swiss"]
[EventRounds "9"]
[EventCountry "CAN"]
[SourceTitle "CBM 113 Extra"]
[Source "ChessBase"]
[SourceDate "2006.09.14"]
[SourceVersion "1"]
[SourceVersionDate "2006.09.14"]
[SourceQuality "1"]

1. d4 Nf6 2. Bg5 c5 3. Bxf6 gxf6 4. d5 Qb6 5. Qc1 f5 6. g3 Bg7 7. c3 d6 8. Nd2 Nd7 9. Bg2 Nf6 10. Nh3 0-0 11. 0-0 Bd7 12. Qc2 Rae8 13. Rad1 Qc7 14. Nc4 b5 15. Ne3 e6 16. Rd2 Bh6 17. f4 c4 18. Rf3 Qc5 19. Kh1 Ng4 20. Nd1 e5 21. Nhf2 Nf6 22. b4 Qb6 23. fxe5 dxe5 24. e4 Bxd2 25. Qxd2 Nxe4 26. Nxe4 fxe4 27. Rf1 f5 28. d6 Re6 29. Ne3 Qxd6 30. Qe2 Qd3 31. Qf2 f4 32. gxf4 exf4 33. Rg1 Qxe3 0-1

[Event "Canada zt"]
[Site "Toronto"]
[Date "2006.08.21"]
[Round "4"]
[White "Noritsyn, Nikolay"]
[Black "Peng, David Yu"]
[Result "1-0"]
[WhiteElo "2354"]
[BlackElo "2170"]
[PlyCount "89"]
[EventDate "2006.08.18"]
[EventType "swiss"]
[EventRounds "9"]
[EventCountry "CAN"]
[SourceTitle "CBM 113 Extra"]
[Source "ChessBase"]
[SourceDate "2006.09.14"]
[SourceVersion "1"]
[SourceVersionDate "2006.09.14"]
[SourceQuality "1"]

1. c4 Nf6 2. Nc3 c6 3. e4 e5 4. Nf3 Bb4 5. Nxe5 Qe7 6. Nd3 Nxe4 7. Qe2 Nxc3 8. dxc3 Qxe2+ 9. Bxe2 Be7 10. c5 0-0 11. Be3 d5 12. cxd6 Bxd6 13. 0-0-0 Nd7 14. Rhe1 Nf6 15. Nc5 Bxc5 16. Bxc5 Re8 17. h3 Be6 18. c4 b5 19. cxb5 Ne4 20. Bd4 cxb5 21. Bxb5 Rac8+ 22. Kb1 Red8 23. Ka1 Rd5 24. Be2 Ra5 25. a3 h6 26. Bg4 Bxg4 27. hxg4 Nd6 28. Bc3 Ra6 29. Re7 Nc4 30. Rd3 Rb8 31. Ka2 Rab6 32. Re2 a5 33. Rd4 Rc6 34. Rde4 Kh7 35. Re7 f6 36. Ra7 Rb5 37. f4 h5 38. Ree7 Nxb2 39. Rxg7+ Kh8 40. Rgc7 Rxc7 41. Rxc7 Nd1 42. Bxf6+ Kg8 43. g5 Ne3 44. g6 Rb8 45. Rh7 1-0

[Event "Canada zt"]
[Site "Toronto"]
[Date "2006.08.20"]
[Round "3"]
[White "Peng, David Yu"]
[Black "Khassanov, Marat"]
[Result "1/2-1/2"]
[WhiteElo "2170"]
[BlackElo "2314"]
[PlyCount "150"]
[EventDate "2006.08.18"]
[EventType "swiss"]
[EventRounds "9"]
[EventCountry "CAN"]
[SourceTitle "CBM 113 Extra"]
[Source "ChessBase"]
[SourceDate "2006.09.14"]
[SourceVersion "1"]
[SourceVersionDate "2006.09.14"]
[SourceQuality "1"]

1. e4 e5 2. Nf3 Nc6 3. Bc4 d6 4. c3 g6 5. d4 Qe7 6. 0-0 Bg7 7. Ng5 Nh6 8. f4 exd4 9. cxd4 Bg4 10. Qd3 Nxd4 11. Nc3 0-0 12. Be3 c5 13. Rae1 Bd7 14. f5 gxf5 15. Bf4 b5 16. Bd5 Ne6 17. Nxe6 fxe6 18. Bxa8 Rxa8 19. exf5 c4 20. Qh3 Nxf5 21. Qxf5 d5 22. Qg5 Qxg5 23. Bxg5 b4 24. Nd1 c3 25. bxc3 bxc3 26. Bf6 Bxf6 27. Rxf6 Rc8 28. Nf2 d4 29. Rf3 Bb5 30. Nd3 Bxd3 31. Rxd3 e5 32. Kf2 Kf7 33. Kf3 e4+ 34. Kxe4 Re8+ 35. Kxd4 Rxe1 36. Kxc3 Rc1+ 37. Kb3 Rb1+ 38. Ka3 Rb7 39. Rd2 Ke6 40. Ka4 h5 41. Ka5 Rb6 42. a4 Kf5 43. Rd7 Rb2 44. Rg7 Kf6 45. Rg8 Rb6 46. h4 Rc6 47. Rg5 Rc4 48. Rxh5 Rg4 49. Rg5 Rxh4 50. Rd5 Rg4 51. Rd2 Ke6 52. Kb5 a6+ 53. Ka5 Ke5 54. Ra2 Rg6 55. Kb4 Kd5 56. Rd2+ Kc6 57. Rc2+ Kb7 58. Ra2 Rg4+ 59. Kc5 Rg5+ 60. Kd4 Kb6 61. Ke4 Rg8 62. Kf4 Rf8+ 63. Ke5 Rg8 64. a5+ Kb5 65. Kf5 Rf8+ 66. Ke6 Rg8 67. Ke7 Rg7+ 68. Kf6 Rg8 69. Kf5 Rf8+ 70. Kg4 Rg8+ 71. Kf3 Rf8+ 72. Kg3 Rg8+ 73. Kf2 Rf8+ 74. Ke1 Rg8 75. Kf1 Kb4 1/2-1/2

[Event "Canadian op"]
[Site "Kitchener"]
[Date "2006.07.21"]
[Round "7"]
[White "Gerzhoy, Leonid"]
[Black "Peng, David Yu"]
[Result "1-0"]
[WhiteElo "2386"]
[BlackElo "2170"]
[PlyCount "117"]
[EventDate "2006.07.15"]
[EventType "swiss"]
[EventRounds "9"]
[EventCountry "CAN"]
[SourceTitle "CBM 113 Extra"]
[Source "ChessBase"]
[SourceDate "2006.09.14"]
[SourceVersion "1"]
[SourceVersionDate "2006.09.14"]
[SourceQuality "1"]

1. Nf3 Nf6 2. c4 c6 3. Nc3 d5 4. d4 dxc4 5. a4 Bf5 6. e3 e6 7. Bxc4 Bb4 8. 0-0 Nbd7 9. Nh4 Bg6 10. h3 0-0 11. Nxg6 hxg6 12. Qc2 Qe7 13. a5 c5 14. Bd2 Rac8 15. Qb3 cxd4 16. exd4 Nb8 17. d5 exd5 18. Bxd5 Rfd8 19. Rfd1 Nc6 20. Bxc6 Rxc6 21. Re1 Qf8 22. Re2 Ra6 23. Ne4 Bxd2 24. Nxd2 Qc5 25. Nc4 Rd4 26. Ne5 Qd5 27. Qc2 Ne4 28. Qc8+ Kh7 29. Nf3 Rc4 30. Qb8 Rf6 31. Re3 Nd2 32. Ne5 Re4 33. Ng4 Ra6 34. Rxe4 Nxe4 35. Qf4 Nf6 36. Ne3 Qe4 37. Qc7 Qb4 38. Qxf7 Qxb2 39. Ra4 Nh5 40. Nd5 Qb1+ 41. Kh2 Qf5 42. Qxf5 gxf5 43. Rh4 Kg6 44. Ne7+ Kg5 45. Rb4 Rxa5 46. Rxb7 Ra2 47. g4 fxg4 48. Rb5+ Kf6 49. Nd5+ Kf7 50. hxg4 Nf6 51. Rb7+ Ke6 52. Nf4+ Ke5 53. Ng6+ Ke4 54. Kg3 Ra3+ 55. Kg2 Nxg4 56. f3+ Kf5 57. Ne7+ Kg5 58. Rb5+ Kh4 59. Ng6# 1-0

[Event "Canadian op"]
[Site "Kitchener"]
[Date "2006.07.20"]
[Round "6"]
[White "Peng, David Yu"]
[Black "Swati, Ghate"]
[Result "1-0"]
[WhiteElo "2170"]
[BlackElo "2379"]
[PlyCount "31"]
[EventDate "2006.07.15"]
[EventType "swiss"]
[EventRounds "9"]
[EventCountry "CAN"]
[SourceTitle "CBM 113 Extra"]
[Source "ChessBase"]
[SourceDate "2006.09.14"]
[SourceVersion "1"]
[SourceVersionDate "2006.09.14"]
[SourceQuality "1"]

1. d4 Nf6 2. Nf3 e6 3. e3 b6 4. Bd3 Bb7 5. 0-0 Be7 6. b3 c5 7. Bb2 0-0 8. c4 d5 9. cxd5 exd5 10. Nc3 Nbd7 11. Ne2 Rc8 12. Rc1 Ne4 13. Ng3 Re8 14. dxc5 bxc5 15. Bb5 a6 16. Bxd7 1-0

[Event "Canadian op"]
[Site "Kitchener"]
[Date "2006.07.19"]
[Round "5"]
[White "Zubac, Marius"]
[Black "Peng, David Yu"]
[Result "1/2-1/2"]
[WhiteElo "2217"]
[BlackElo "2170"]
[PlyCount "54"]
[EventDate "2006.07.15"]
[EventType "swiss"]
[EventRounds "9"]
[EventCountry "CAN"]
[SourceTitle "CBM 113 Extra"]
[Source "ChessBase"]
[SourceDate "2006.09.14"]
[SourceVersion "1"]
[SourceVersionDate "2006.09.14"]
[SourceQuality "1"]

1. d4 Nf6 2. c4 e6 3. Nc3 Bb4 4. f3 c5 5. a3 Ba5 6. d5 b5 7. Nh3 d6 8. Nf2 bxc4 9. e4 exd5 10. exd5 0-0 11. Be2 Nbd7 12. 0-0 Bxc3 13. bxc3 Nb6 14. Bg5 h6 15. Bh4 g5 16. Bg3 Nfxd5 17. Qd2 Be6 18. f4 f5 19. Rae1 gxf4 20. Bxf4 Nxf4 21. Qxf4 Qg5 22. Qxd6 Bd5 23. g3 Rae8 24. Bd1 Kg7 25. Qxc5 Qf6 26. Bh5 Re6 27. Rxe6 Qxe6 1/2-1/2

[Event "Canadian op"]
[Site "Kitchener"]
[Date "2006.07.18"]
[Round "4"]
[White "Hamilton, Robert"]
[Black "Peng, David Yu"]
[Result "1/2-1/2"]
[WhiteElo "2333"]
[BlackElo "2170"]
[PlyCount "31"]
[EventDate "2006.07.15"]
[EventType "swiss"]
[EventRounds "9"]
[EventCountry "CAN"]
[SourceTitle "CBM 113 Extra"]
[Source "ChessBase"]
[SourceDate "2006.09.14"]
[SourceVersion "1"]
[SourceVersionDate "2006.09.14"]
[SourceQuality "1"]

1. e4 c5 2. Nf3 d6 3. d4 cxd4 4. Nxd4 Nf6 5. Nc3 Nc6 6. Bg5 e6 7. Qd2 Be7 8. 0-0-0 0-0 9. f4 Nxd4 10. Qxd4 Qa5 11. Kb1 h6 12. Bh4 e5 13. Qd2 Nxe4 14. Nxe4 Qxd2 15. Rxd2 Bxh4 16. g3 1/2-1/2

[Event "Guelph op"]
[Site "Guelph"]
[Date "2005.07.30"]
[Round "6"]
[White "Cazelais, Marc"]
[Black "Peng, David Yu"]
[Result "0-1"]
[WhiteElo "2203"]
[BlackElo "2136"]
[PlyCount "132"]
[EventDate "2005.07.28"]
[EventType "swiss"]
[EventRounds "9"]
[EventCountry "CAN"]
[SourceTitle "CBM 107 Extra"]
[Source "ChessBase"]
[SourceDate "2005.09.01"]
[SourceVersion "1"]
[SourceVersionDate "2005.09.01"]
[SourceQuality "1"]

1. e4 c5 2. c3 Nf6 3. e5 Nd5 4. d4 cxd4 5. Nf3 e6 6. cxd4 b6 7. Nc3 Nxc3 8. bxc3 Qc7 9. Bd2 Bb7 10. Bd3 d6 11. 0-0 Nd7 12. Ng5 dxe5 13. Qh5 g6 14. Qh3 Bg7 15. Nxe6 fxe6 16. Qxe6+ Kd8 17. Bg5+ Kc8 18. d5 Qc5 19. c4 Kc7 20. Be7 Rae8 21. d6+ Kc8 22. Be2 Bf6 23. Bg4 Rxe7 24. dxe7 Qxe7 25. Rad1 Qxe6 26. Bxe6 Rd8 27. f4 e4 28. f5 g5 29. Kf2 Kc7 30. Ke3 Nc5 31. Rxd8 Kxd8 32. Rd1+ Ke7 33. Bd5 Ba6 34. g4 Be5 35. h3 Bf4+ 36. Kd4 e3 37. Re1 h6 38. Re2 Bb7 39. Bxb7 Nxb7 40. a4 Kd6 41. Ra2 Nc5 42. Kc3 Ne4+ 43. Kd3 Nf2+ 44. Ke2 Nxh3 45. Ra1 Nf2 46. Kf3 Ke5 47. a5 Ne4 48. a6 Nc3 49. Rh1 Kf6 50. Rxh6+ Kg7 51. Re6 e2 52. Kf2 Bd2 53. Rxe2 Nxe2 54. Kxe2 Bb4 55. Kd3 Kf6 56. Ke4 Bc5 57. Kd5 Bf2 58. Kd6 Bd4 59. Kc6 Ke5 60. Kb7 Bc5 61. Kc6 Kf4 62. f6 Ke5 63. f7 Ke6 64. Kb7 Kxf7 65. Kxa7 b5+ 66. Kb7 bxc4 0-1

[Event "Guelph op"]
[Site "Guelph"]
[Date "2005.07.30"]
[Round "5"]
[White "Peng, David Yu"]
[Black "Filipovich, David"]
[Result "1/2-1/2"]
[WhiteElo "2136"]
[BlackElo "2218"]
[PlyCount "42"]
[EventDate "2005.07.28"]
[EventType "swiss"]
[EventRounds "9"]
[EventCountry "CAN"]
[SourceTitle "CBM 107 Extra"]
[Source "ChessBase"]
[SourceDate "2005.09.01"]
[SourceVersion "1"]
[SourceVersionDate "2005.09.01"]
[SourceQuality "1"]

1. d4 g6 2. Nf3 Bg7 3. c4 d6 4. Nc3 Bg4 5. e3 Nc6 6. Be2 e5 7. 0-0 Nge7 8. d5 Bxf3 9. Bxf3 Nb8 10. Qc2 Nd7 11. b4 a5 12. Ba3 f5 13. Rab1 0-0 14. Nb5 axb4 15. Bxb4 b6 16. a4 Nc5 17. Bxc5 bxc5 18. e4 Qd7 19. Nc3 fxe4 20. Bxe4 Nf5 21. Bxf5 gxf5 1/2-1/2